00367nam a2200157Ia 4500008004100000020001800041245003200059245002100091260001500112260001600127260000900143300001400152300002500166300001000191500000800201170705s9999 xx 000 0 und d a9780439863193 aJust going to the dentist / cby Mercer Mayer. aNew York : bScholastic, c1990 aunpaged : bcolor illustration ; c20cm. a380